[Хомо Сапиенс] Homo Sapiens за произхода на Homo Sapiens (Запис номер 6471)
[ съкратено ]
| 000 -Лидер | |
|---|---|
| Контролно поле с фиксирана дължина | nam a22 a 4500 |
| 003 - Код на организацията, давaща контролен номер | |
| Контролно поле | BLK |
| 005 - Дата и час на последна редакция | |
| Контролно поле | 20230221094026.0 |
| 008 - Елементи от данни с фиксирана дължина | |
| fixed length control field | 180412b bul|||||r ||||||| ||bul|| |
| 010 ## - Наследен системен номер | |
| LC control number | KNG00007712000 |
| 020 ## - Международен стандартен номер на книга ISBN | |
| Международен стандартен номер на книга ISBN | 954-484-002-8 |
| 020 ## - Международен стандартен номер на книга ISBN | |
| Международен стандартен номер на книга ISBN | 954-484-003-6 |
| 040 ## - Източник на каталожния запис | |
| Идентификатор на билиотеката - собственик на записа | BLK |
| 041 ## - Код за език | |
| Код за езика на текст/звукозапис или на отделно заглавие | Български |
| Код за езика КДБФ | Български |
| 080 ## - УДК | |
| Текстов определител УДК | Паметници на културата на историческите периоди. Археологическите паметници. Старини |
| УДК код - определител по УДК | 904 |
| УДК определител | (234.423.7) |
| УДК - код + определител | 904(234.423.7) |
| 080 ## - УДК | |
| Текстов определител УДК | Стара и антична история |
| УДК код - определител по УДК | 931 |
| УДК - код + определител | 931 |
| 080 ## - УДК | |
| Текстов определител УДК | Звезди и звездни системи. Вселена - Космически лъчи, междузвездно пространство, Галактика, Млечен път, космология, извънгалактически системи |
| УДК код - определител по УДК | 524 |
| УДК - код + определител | 524 |
| 100 1# - Редна дума - Автор | |
| Автор | Мутафчиев, Кръстю |
| Авторска отговорност | първи автор |
| R(LIN) | 245370 |
| 139 ## - Редно поле | |
| Редна дума | Мутафчиев, Кръстю |
| Авторски знак | Мут - М 96 |
| 245 10 - Сведения за заглавието | |
| Заглавие | [Хомо Сапиенс] Homo Sapiens за произхода на Homo Sapiens |
| Подзаглавни данни | Изследване : Ч. 1 - |
| Редно поле (дума) | Кръстю Мутафчиев. |
| Том | Ч. 1 |
| Заглавие на том | Историческа справка |
| 257 ## - Страна на издаване | |
| Страна на създаване/издаване | България |
| 260 ## - Област на издателските данни | |
| Име на издателя, разпространителя и проч. | Гуторанов и син |
| Година на издаване | 1992 - |
| Печатница | Враца : Полипринт |
| Място на издаване, разпространение и проч. | София |
| 300 ## - Физическа характеристика | |
| Размери/Мащаб | 20 см |
| 380 ## - Жанр | |
| Жанр | История |
| 490 ## - СЕРИИ (Колекции) | |
| Име на серия | Мистерии |
| 9 (RLIN) | 202820 |
| 650 #4 - Допълнително описание по предмет – тема | |
| Основно описание – тема или топоним | Археологически паметници - Странджански край |
| 9 (RLIN) | 245371 |
| 650 #4 - Допълнително описание по предмет – тема | |
| Основно описание – тема или топоним | История, стара |
| 9 (RLIN) | 245372 |
| 650 #4 - Допълнително описание по предмет – тема | |
| Основно описание – тема или топоним | Извънземни цивилизации |
| 9 (RLIN) | 242018 |
| 650 #4 - Допълнително описание по предмет – тема | |
| Основно описание – тема или топоним | Наука и религия |
| 9 (RLIN) | 250298 |
| 650 #4 - Допълнително описание по предмет – тема | |
| Основно описание – тема или топоним | Човек - произход и еволюция |
| 9 (RLIN) | 251506 |
| 651 #4 - Допълнително описание по предмет - топоним | |
| Географско понятие | Странджа |
| 9 (RLIN) | 179610 |
| 653 ## - Ключова дума – ненормативна | |
| Ключова дума | човек |
| 653 ## - Ключова дума – ненормативна | |
| Ключова дума | произход на живота |
| 760 1# - Описание на основната серия | |
| Редна дума на основното описание | Мутафчиев, Кръстю |
| Място на издаване, издател и година | Шери М, 1992 |
| Страници - том | 184 с. : със сх. |
| Забележка - том | Доп. тир. 1995. |
| Заглавие | Ч. 1 Историческа справка |
| 852 ## - Местоположение | |
| Форматна сигнатура | Цб 168435 |
| Фондова буква | Хранилище |
| 856 4# - Електронен адрес и достъп | |
| Електронен формат | pdf - файл |
| Път до файла /url/ | |
| Инструкция (цена за достъп) | 0.00 |
| Права за достъп | disable |
| 856 4# - Електронен адрес и достъп | |
| Електронен формат | pdf - файл |
| Път до файла /url/ | |
| Инструкция (цена за достъп) | 0.00 |
| Права за достъп | disable |
| 999 ## - СИСТЕМНИ КОНТРОЛНИ НОМЕРА | |
| Koha biblionumber | 6471 |
| Koha biblioitemnumber | 6471 |
| 942 ## - АРТИКУЛИ | |
| Вид на библиотечния материал | Книги |
| Скрит в OPAC | Не |
| Koha issues (borrowed), all copies | 5 |
| Периодичен библиозапис | Да |
| 944 ## - СЪЗДАВАНЕ И РЕДАКЦИЯ на ЗАПИСА | |
| Създаване/Редакция | Създаване |
| Дата на регистрацията/редакция | 28.03.2003 |
| Служител, извършил регистрацията/редакцията | Виолета_Тройчева |
| 944 ## - СЪЗДАВАНЕ И РЕДАКЦИЯ на ЗАПИСА | |
| Създаване/Редакция | Редакция |
| Дата на регистрацията/редакция | 24.02.2011 |
| 999 ## - СИСТЕМНИ КОНТРОЛНИ НОМЕРА | |
| Koha biblioitemnumber | 6471 |
| Код за отписване | Код за изгубен артикул | Източник на класификационната схема | Код за повреда | Коз за рестрикции | Код за отдаване | Артикулен № | Име на библиотеката - собственик | Име на библиотеката, в която се намира в момента | Статус (Текущо местоположение) | Дата на вписване в системата | Местоположение - отдел | Цена в лева | Инвентарен номер | Систематично азбучна сигнатура | Баркод | Номер на екземпляра | Цена в евро | Служебна бележка | Служебен тип на артикула |
|---|---|---|---|---|---|---|---|---|---|---|---|---|---|---|---|---|---|---|---|
| Не е изгубен | Universal Decimal Classification | Не е повреден | без рестрикции | ползва се в читалня | 11261 | Регионална библиотека "Любен Каравелов" Русе | Регионална библиотека "Любен Каравелов" Русе | Хранилище | 1992-01-01 | Хранилище | 13.91 | 567304 | Цб 168435 | 120000567304 | 1 | 7.11 | Дост: Dp Вид: Д N: стар фонд Дата: 01.01.1992 | Книги | |
| Изтеглен | Не е изгубен | Universal Decimal Classification | Не е повреден | без рестрикции | заемане за дома | 11262 | Регионална библиотека "Любен Каравелов" Русе | Регионална библиотека "Любен Каравелов" Русе | Заемна - подръчен фонд | 1992-01-01 | Заемна - подръчен фонд | 13.91 | 566703 | П 904/М 96 | 566703 | 2 | 7.11 | Дост: Pk Вид: Ф N: стар фонд Дата: 01.01.1992 | Книги |
| Изтеглен | Не е изгубен | Universal Decimal Classification | Не е повреден | без рестрикции | заемане за дома | 11263 | Регионална библиотека "Любен Каравелов" Русе | Регионална библиотека "Любен Каравелов" Русе | Заемна - подръчен фонд | 1992-01-01 | Заемна - подръчен фонд | 13.91 | 566704 | П 904/М 96 | 566704 | 3 | 7.11 | Дост: Pk Вид: Ф N: стар фонд Дата: 01.01.1992 | Книги |
| Изтеглен | Не е изгубен | Universal Decimal Classification | Не е повреден | без рестрикции | заемане за дома | 11264 | Регионална библиотека "Любен Каравелов" Русе | Регионална библиотека "Любен Каравелов" Русе | Заемна - подръчен фонд | 1992-01-01 | Заемна - подръчен фонд | 13.91 | 566705 | 904/М 96 | 120000566705 | 4 | 7.11 | Дост: Pk Вид: Ф N: стар фонд Дата: 01.01.1992 Дата инв: 07.02.2018 Бележки инв: П2018 | Книги |
| Изтеглен | Не е изгубен | Universal Decimal Classification | Не е повреден | без рестрикции | заемане за дома | 11265 | Регионална библиотека "Любен Каравелов" Русе | Регионална библиотека "Любен Каравелов" Русе | Заемна - подръчен фонд | 1992-01-01 | Заемна - подръчен фонд | 13.91 | 566706 | П 904/М 96 | 566706 | 5 | 7.11 | Дост: Pk Вид: Ф N: стар фонд Дата: 01.01.1992 Дата инв: 07.02.2018 Бележки инв: П2018 | Книги |
| Изтеглен | Не е изгубен | Universal Decimal Classification | Не е повреден | без рестрикции | заемане за дома | 11266 | Регионална библиотека "Любен Каравелов" Русе | Регионална библиотека "Любен Каравелов" Русе | Детски отдел | 1995-01-01 | Детски отдел | 13.91 | 566707 | Д 9/М 96 | 566707 | 6 | 7.11 | Дост: Pk Вид: Ф N: стар фонд Дата: 01.01.1995 Дата инв: 05.10.2015 Бележки инв: Д2015 | Книги |